000 03078cam a2200385 a 4500
001 768714001
003 CO-MdFUSB
005 20220629102421.0
007 ta
008 800131t1980 ilu b 000 0 eng
020 _a0226468011
040 _aDLC
_beng
_cCO-MdFUSB
_dMUQ
_dNLGGC
_dBTCTA
_dYDXCP
_dOCLCG
_dNLE
_dWTU
_dGEBAY
_dOCLCQ
_dZWZ
_dXMA
_dOG#
_dTULIB
_dGBVCP
_dOCLCF
_dALAUL
_dLMR
_erda
041 _aeng
082 _223
_a401
_bL192
100 1 _aLakoff, George.
_eautor
245 1 0 _aMetaphors we live by /
_cGeorge Lakoff , Mark Johnson.
264 1 _aChicago :
_bThe University of Chicago Press,
_c[1980]
264 4 _c© 1980
300 _a242 páginas ;
_c22 cm.
336 _2rdacontent
_atexto
_btxt
337 _2rdamedia
_asin mediación
_bn
338 _2rdacarrier
_avolumen
_bnc
504 _aIncluye referencias bibliográficas (p. 241-242)
505 0 _a1. Conceptos por los que vivimos -- 2. La sistematicidad de los conceptos metafóricos -- 3. La sistematicidad metafórica: resaltar y ocultar -- 4. Metáforas orientaciones -- 5. Metáfora y coherencia cultural -- 6. Metáforas ontológicas -- 7. Personificación -- 8. Metonimia -- 9. Desafíos a la coherencia metafórica -- 10. Algunos ejemplos adicionales -- 11. La naturaleza parcial de la estructuración metafórica -- 12. ¿Cómo se fundamenta nuestro sistema conceptual? -- 13. La fundamentación de las metáforas estructurales -- 14. Causación: en parte emergente y en parte metafórica -- 15. La estructuración coherente de la experiencia -- 16. Coherencia metafórica -- 17. Coherencia compleja entre metáforas -- 18. Algunas consecuencias para teorías de la estructura conceptual -- 19. Definición y comprensión -- 20. Cómo la metáfora puede dar significado a la forma -- 21. Nuevo significado -- 22. La creación de similitud -- 23. Metáfora, verdad y acción -- 24. Verdad -- 25. Los mitos del objetivismo y el subjetivismo -- 26. El mito del objetivismo en la filosofía y la lingüística occidentales -- 27. Cómo la metáfora revela las limitaciones del mito del objetivismo -- 28. Algunas insuficiencias del mito del subjetivismo -- - 29. La alternativa experiencialista: dar un nuevo sentido a los viejos mitos -- 30. Comprensión.
520 _aEl ahora clásico Metaphors We Live By cambió nuestra comprensión de la metáfora y su papel en el lenguaje y la mente. La metáfora, explican los autores, es un mecanismo fundamental de la mente, que nos permite usar lo que sabemos sobre nuestra experiencia física y social para proporcionar comprensión de innumerables otros temas. Debido a que tales metáforas estructuran nuestra comprensión más básica de nuestra experiencia, son "metáforas por las que vivimos", metáforas que pueden dar forma a nuestras percepciones y acciones sin que nos demos cuenta.
563 _aRústico
653 _aLenguaje -- Filosofía.
653 _aMetáfora.
653 _aSemántica.
653 _aVerdad.
700 1 _aJohnson, Mark,
_d1949-
_eautor
942 _cBK
945 _aJTF-925
999 _c67615
_d67615